| 000 | 00748nam a2200217 a 4500 | ||
|---|---|---|---|
| 001 | 46639 | ||
| 003 | BD-RjUL | ||
| 005 | 20211209054200.0 | ||
| 008 | 180507s2016 bg a 000 0 eng d | ||
| 020 |
_a9789845190381 _c: Complimentary |
||
| 035 | _a(BD-RjUL)46758 | ||
| 040 |
_aBD-RjUL _cBD-RjUL _dBD-RjU _beng |
||
| 041 | _aeng | ||
| 082 |
_223 _aRA 330.954922021 _bMUN 2016 |
||
| 110 | 1 |
_aBangladesh Bureau of Statistics (BBS) _9221355 |
|
| 245 | 1 | 0 |
_aEconomic Census 2013, District Report: _bMunshiganj / _cBangladesh Bureau of Statistics (BBS) |
| 260 |
_aDhaka: _bBBS, _c2016 |
||
| 300 |
_axxviii, 486 p. : _bIll. ; _c28 cm. |
||
| 650 |
_aBangladesh _zMunshiganj _xEconomic conditions _y21st century _vStatistics _9221356 |
||
| 942 |
_2ddc _cRAR |
||
| 999 |
_c46639 _d46639 |
||